000 00879aam a2200301 i 4500
001 768714001
003 CO-MdFUSB
005 20250519151732.0
007 ta
008 250519t1993 ck |||| |||| 00| 0 spa d
040 _cCO-MdFUSB
041 0 _aspa
_heng
082 0 4 _223
_a248.32
_bB6911o
100 1 _aBoll, R. H.
_eautor
240 _aChrist's teaching on prayer
245 1 3 _aLa oración :
_bla clave para desatar el poder de Dios
_c/ R. H. Boll ; traducido por Lisa Voelkel de Peña
264 1 _bAcción,
_aBogotá, Colombia :
_c[1993]
264 4 _c©1993
300 _a119 páginas
336 _atexto
_btxt
_2rdacontent
337 _2rdamedia
_asin mediación
_bn
338 _2rdacarrier
_avolumen
_bnc
563 _aRústico
650 7 _aOración
_986
700 _aPeña, Lisa Voelkel de,
_99107
_etraductor
942 _cBK
945 _aJTF-925
999 _c42783
_d42783